000 nam a22 a 4500
999 _c4726
_d4726
003 AKMAL
005 20170801102413.0
008 1 s20 my e 000 0 eng d
020 _cRM29.00
082 0 4 _a342.595044 MAL
090 0 0 _a342.595044
_bMAL
110 1 _aMalaysia
_9400
240 1 1 _aAkta Perwakilan Kuasa, 1956 (Akta 358).
_lEnglish
245 1 0 _aDelegation of Powers Act, 1956 (Act 358)
_b(all amendment up to 1988) /
_ccompiled by : Legal Research Board
260 _aKuala Lumpur :
_bMDC Publishers Sdn. Bhd,
_c2017
300 _a10p. ;
_c24cm.
650 0 _aDelegation of powers
_xLaw and legislation
_zMalaysia
_98667
710 1 _aMalaysia.
_tAkta Perwakilan Kuasa, 1956 (Akta 358)
_99047
942 _2ddc
_cBOOK